000 00418nam a22001457a 4500
020 _a9781562867119
082 _a371.3 ALL
100 _aAllen, Michael W.
245 _aLeaving ADDIE for SAM : an agile model for developing the best learning experiences
260 _aUSA
_bASTD Press
_c2012
300 _axiii, 202p. :
_e22 cm
650 _aInstructional systems -- Design
700 _aMichael W. Allen
942 _cBK
999 _c11808
_d11808